La iglesia y los derechos humanos en Chile (1973-1989) /

La Iglesia Católica chilena ha sido reconocida universalmente por su firma defensa de los derechos humanos (DDHH) durante estos últimos dieciséis años. Sin embargo, ello no puede extrañar en una institución eclesial cuya trayectoria progresiva fue durante años destacada en el concierto de la evoluci...

Full description

Bibliographic Details
Main Author: Parker G., Cristián
Format: Analitica de revista
Language:Spanish
Published: Santiago, Chile Programa de Derechos Humanos, Universidad Academia de Humanismo Cristiano 1989
Subjects:
Online Access:Disponible en línea (PDF). Biblioteca Digital UAHC.

MARC

LEADER 00000cab a2200000 a 4500
001 041568
003 UAHC_CL
005 20210909180010.0
008 140120s1989 cl 000 spa
952 |0 0  |1 0  |4 0  |6 REVISTA_CHILENA_DE_DERECHOS_HUMANOS10_89_000000000000000  |7 0  |8 COMP  |9 77937  |a BC  |b BC  |c COMP  |d 2017-08-03  |l 0  |o REVISTA CHILENA DE DERECHOS HUMANOS-10/89  |r 2017-08-03 00:00:00  |t 1  |w 2017-08-03  |y REVA 
999 |c 41568  |d 41568 
040 |a UAHC_CL  |c UAHC_CL  |d UAHC_CL 
100 1 |a Parker G., Cristián 
245 1 3 |a La iglesia y los derechos humanos en Chile (1973-1989) /  |c Cristián Parker G. 
260 |b Programa de Derechos Humanos, Universidad Academia de Humanismo Cristiano  |c 1989  |a Santiago, Chile 
300 |a pp. 16-25 
310 |a Anual. 
362 0 |a Año 1, no. 1 (nov. 2002)- . 
362 0 |a Año 1, no. 1 (nov. 2002)- . 
500 |a En: Revista chilena de derechos humanos. no. 10, 1989 pp. 16-25. 
520 |a La Iglesia Católica chilena ha sido reconocida universalmente por su firma defensa de los derechos humanos (DDHH) durante estos últimos dieciséis años. Sin embargo, ello no puede extrañar en una institución eclesial cuya trayectoria progresiva fue durante años destacada en el concierto de la evolución de la Iglesia latinoamericana. 
610 2 4 |a IGLESIA CATOLICA  |x ACTIVIDAD POLITICA  |z CHILE  |y 1970-1990 
650 4 |a DERECHOS HUMANOS  |y 1973-1990  |z CHILE 
856 |u http://bibliotecadigital.academia.cl/xmlui/handle/123456789/3818  |3 Disponible en línea (PDF). Biblioteca Digital UAHC.  |y Disponible en línea (PDF). Biblioteca Digital UAHC. 
856 |u http://bibliotecadigital.academia.cl/xmlui/handle/123456789/3818  |3 Disponible en línea (PDF). Biblioteca Digital UAHC.  |y Disponible en línea (PDF). Biblioteca Digital UAHC. 
900 |a REVISTA CHILENA DE DERECHOS HUMANOS-10/89 
942 |c REVA  |2 ddc